Alle Pokémon anhand von Bildern erkennen - Sinnoh - Statistiken

Allgemein
  • Dieses Quiz wurde 76 mal gespielt
  • Das Durchschnittsergebnis liegt bei 71 aus 108
Antwortstatistiken
Bildquiz Antwort % Korrekt
Panflam
100%
Dialga
97%
Lucario
97%
Palkia
94%
Riolu
94%
Arceus
91%
Driftlon
91%
Knakrak
91%
Plinfa
91%
Giratina
88%
Glaziola
88%
Panferno
88%
Regigigas
88%
Cresselia
84%
Darkrai
84%
Elevoltek
84%
Porygon-Z
84%
Bidiza
81%
Panpyro
81%
Rotom
81%
Staralili
81%
Victini
81%
Bronzong
78%
Chelast
78%
Luxtra
78%
Magnezone
78%
Mamutel
78%
Togekiss
78%
Bidifas
75%
Bronzel
75%
Knospi
75%
Kryppuk
75%
Roserade
75%
Sheinux
75%
Staraptor
75%
Haspiror
72%
Impoleon
72%
Kaumalat
72%
Rexblisar
72%
Zwirrfinst
72%
Ambidiffel
69%
Bamelin
69%
Bojelin
69%
Luxio
69%
Mamphaxo
69%
Pantimimi
69%
Plaudagei
69%
Selfe
69%
Shaymin
69%
Staravia
69%
Tobutz
69%
Vesprit
69%
Koknodon
66%
Pachirisu
66%
Zirpeise
66%
Finneon
63%
Glibunkel
63%
Heatran
63%
Magbrand
63%
Manaphy
63%
Mobai
63%
Phione
63%
Pliprin
63%
Wadribie
63%
Wonneira
63%
Yanmega
63%
Bollterus
59%
Galagladi
59%
Rihornior
59%
Schalellos
59%
Schlapor
59%
Schlurplek
59%
Snibunna
59%
Tangoloss
59%
Toxiquak
59%
Venuflibis
59%
Kikugi
56%
Kramshef
56%
Lumineon
56%
Traunmagil
56%
Burmadame
53%
Charmian
53%
Chelterrar
53%
Frosdedje
53%
Hippopotas
53%
Klingplim
53%
Knarksel
53%
Mantirps
53%
Piondragi
53%
Pionskora
53%
Rameidon
53%
Burmy
50%
Gastrodon
50%
Hippoterus
50%
Honweisel
50%
Shnebedeck
50%
Skorgro
50%
Schilterus
47%
Zirpurze
47%
Chelcarain
44%
Skuntank
44%
Voluminas
44%
Kinoso
41%
Skunkapuh
41%
Moterpel
34%
Shnurgarst
34%
Drifzepli
16%
Forlipurba
13%
Keine übereinstimmenden Quizze gefunden
Verteilung der Resultate
Anzahl Personen mit jedem Resultat
Perzentil nach korrekt beantworteten Fragen
Ihre Resultats-Entwicklung
Sie haben dieses Quiz noch nicht gespielt